Využitie logistickej regresie na analýzu chudoby

Využitie modelov regresnej analýzy v rôznych ekonomických a sociologických javoch. Logistická regresná analýza.

Gespeichert in:
Bibliographische Detailangaben
1. Verfasser: Pažitná, Mária
Weitere Verfasser: Labudová, Viera, 1958-
Format: Buchkapitel
Sprache:Slowakisch
Schlagworte:
Tags: Tag hinzufügen
Keine Tags, Fügen Sie das erste Tag hinzu!

MARC

LEADER 00000naa$a2200000$$$4500
001 0068134
005 20240502071824.2
041 0 |a slo 
044 |a SK 
245 1 0 |a Využitie logistickej regresie na analýzu chudoby  |c Mária Pažitná, Viera Labudová 
520 |a Využitie modelov regresnej analýzy v rôznych ekonomických a sociologických javoch. Logistická regresná analýza. 
610 2 0 |a metódy štatistické 
610 2 0 |a analýza regresná 
610 2 0 |a analýza štatistická 
610 2 0 |a modely ekonometrické 
610 2 0 |a modely logistické 
610 2 0 |a chudoba 
100 1 |a Pažitná, Mária 
700 1 |a Labudová, Viera, 1958-